El padre Anchieta: la vida de un apóstol en el Brasil primitivo
Αποθηκεύτηκε σε:
| Κύριος συγγραφέας: | |
|---|---|
| Μορφή: | Βιβλίο |
| Γλώσσα: | Ισπανικά |
| Έκδοση: |
Buenos Aires
Claridad
1945
|
| Θέματα: | |
| Ετικέτες: |
Προσθήκη ετικέτας
Δεν υπάρχουν, Καταχωρήστε ετικέτα πρώτοι!
|
MARC
| LEADER | 00000nam a2200000 a 4500 | ||
|---|---|---|---|
| 001 | UCI7075 | ||
| 003 | CL-VaPUC | ||
| 008 | 080605e19450000AG |||||||||||||||||spa|d | ||
| 082 | 0 | 4 | |a 922.22 |b VIE |2 21 |
| 100 | 0 | |a Vieira, Celso |e author |9 530198 | |
| 245 | 1 | 3 | |a El padre Anchieta: la vida de un apóstol en el Brasil primitivo |
| 300 | |a 335 p | ||
| 942 | |c BK | ||
| 945 | |d 20080605 00:00:00 |a jtorresc | ||
| 260 | |a Buenos Aires |b Claridad |c 1945 | ||
| 600 | 0 | 7 | |a PADRE ANCHIETA |2 CL-VaPUC |9 530199 |
| 650 | 0 | |a Biografías |9 255210 | |
| 650 | 0 | |a Vida religiosa |9 257284 | |
| 651 | 0 | |a Brasil |9 267393 | |
| 583 | |a last modification |c 20080605 00:00:00 |k Rodrigo Vera | ||
| 999 | |c 330474 |d 330472 | ||
| 952 | |0 0 |1 0 |4 0 |6 922_220000000000000_VIE_1945 |7 0 |8 P |9 416038 |a BIBTEO |b BIBTES |c TEO_FTES |d 2019-11-22 |i 4446755 |o 922.22 VIE 1945 |p 4446755 |r 2024-01-18 |w 2019-11-22 |y BK |k ICR | ||